000
00365nam a22001577a 4500
003
MPLRDC
005
20220104144503.0
008
210129b ||||| |||| 00| 0 eng d
082
_a
868.71 WHL
100
_a
文怀朗
245
_a
文人的气质
_c
260
_a
_b
南洋商报社
_c
1955
300
_b
平
650
_a
马华文学
942
_c
BK
_o
868.71 WHL
999
_c
50096
_d
50086